[Event "29. Erfurter Schachfestival 2019 - Meis"]
[Site "Erfurt"]
[Date "2019.12.27"]
[Round "3.23"]
[White "Kroneder, Christian"]
[Black "Heyder, Florian"]
[Result "0-1"]
[WhiteElo "2045"]
[BlackElo "2205"]
[PlyCount "94"]
[EventDate "2019.12.26"]

1. d4 e6 2. Bf4 Nf6 3. e3 c5 4. c3 d5 5. Nf3 Nc6 6. Nbd2 Bd6 7. Bg3 O-O 8. Bd3
Re8 9. Ne5 Bxe5 10. dxe5 Nd7 11. f4 c4 12. Bc2 Qb6 13. O-O Qxb2 14. Nf3 Nf8 15.
Rc1 Qxa2 16. Ng5 Ne7 17. Qh5 g6 18. Qf3 Qa5 19. Bf2 h6 20. Nh3 b5 21. g4 Qc7
22. Bh4 Bb7 23. Qg3 Nh7 24. Bf6 Kf8 25. Qh4 Ng8 26. f5 exf5 27. Bxf5 gxf5 28.
Rxf5 Nhxf6 29. exf6 d4 30. Ng5 Rxe3 31. Nh7+ Ke8 32. cxd4 Qc6 33. d5 Qb6 34.
Kf1 Qd4 35. Qf2 Kd7 36. g5 Rae8 37. g6 Bxd5 38. gxf7 Bxf7 39. Rxb5 Qe4 40. Qf5+
Qxf5+ 41. Rxf5 Bg6 42. Ra5 Bxh7 43. Rxa7+ Ke6 44. Rxh7 Nxf6 45. Rxh6 Re4 46.
Ra1 Kf5 47. Ra5+ R8e5 0-1

[Event "29. Erfurter Schachfestival 2019 - Meis"]
[Site "Erfurt"]
[Date "2019.12.27"]
[Round "3.24"]
[White "Haack, Kevin"]
[Black "Kolb, Tobias"]
[Result "1/2-1/2"]
[WhiteElo "2042"]
[BlackElo "2185"]
[PlyCount "50"]
[EventDate "2019.12.26"]

1. c4 c6 2. e4 d5 3. cxd5 cxd5 4. exd5 Nf6 5. Qa4+ Nbd7 6. Nc3 g6 7. Nf3 Bg7 8.
Qb3 O-O 9. Bc4 Nb6 10. d3 Bg4 11. Ne5 Bf5 12. O-O Qc7 13. Re1 Rac8 14. Nb5 Qd8
15. d6 Nxc4 16. dxe7 Qxe7 17. dxc4 Ng4 18. Nf3 Qc5 19. Be3 Nxe3 20. Rxe3 Qxc4
21. Nd6 Qxb3 22. Rxb3 Rc2 23. Nxf5 gxf5 24. Rxb7 Rfc8 25. g3 Rxb2 1/2-1/2

[Event "29. Erfurter Schachfestival 2019 - Meis"]
[Site "Erfurt"]
[Date "2019.12.27"]
[Round "3.25"]
[White "Arnhold, Steffi"]
[Black "Walther, Andi"]
[Result "1/2-1/2"]
[WhiteElo "2018"]
[BlackElo "2180"]
[PlyCount "131"]
[EventDate "2019.12.26"]

1. e4 c5 2. Nf3 Nc6 3. d4 cxd4 4. Nxd4 g6 5. c4 Bg7 6. Be3 Nf6 7. Nc3 Ng4 8.
Qxg4 Nxd4 9. Qd1 Ne6 10. Qd2 Qa5 11. Rc1 b6 12. Be2 Bb7 13. f3 g5 14. O-O Be5
15. Rfd1 d6 16. Nd5 Qxd2 17. Rxd2 Rc8 18. g3 Rg8 19. Kf2 Nc7 20. Rdc2 e6 21.
Nxc7+ Rxc7 22. b4 f5 23. Bd3 f4 24. Bd2 Rf7 25. g4 h5 26. gxh5 Rh7 27. h3 Rxh5
28. Bf1 Bd4+ 29. Ke2 e5 30. Bc3 Be3 31. Bd2 Bd4 32. Bc3 Bg1 33. Bg2 Be3 34. Bd2
Bd4 35. Bc3 Be3 36. Bd2 Bxd2 37. Rxd2 Ke7 38. c5 dxc5 39. bxc5 Rc8 40. Rdc2
bxc5 41. Rxc5 Rxc5 42. Rxc5 Kd6 43. Ra5 a6 44. Kd3 Rh8 45. Bf1 Rc8 46. Kd2 Rc5
47. Ra3 a5 48. Rd3+ Ke7 49. Rb3 Bc8 50. Rb6 Be6 51. a3 Kf6 52. h4 Kf7 53. hxg5
Bc8 54. Bb5 Bh3 55. a4 Bc8 56. g6+ Kg7 57. Rd6 Rc7 58. Be8 Re7 59. Bf7 Rd7 60.
Rd5 Kf6 61. Kc3 Rc7+ 62. Kb3 Rb7+ 63. Rb5 Rd7 64. Kc3 Rc7+ 65. Kb3 Rd7 66. Kc3
1/2-1/2

[Event "29. Erfurter Schachfestival 2019 - Meis"]
[Site "Erfurt"]
[Date "2019.12.27"]
[Round "3.26"]
[White "Urban, Lars"]
[Black "Zech, Andreas"]
[Result "1-0"]
[WhiteElo "2178"]
[BlackElo "2038"]
[PlyCount "133"]
[EventDate "2019.12.26"]

1. d4 d5 2. c4 e6 3. Nc3 Nf6 4. cxd5 exd5 5. Bg5 Be7 6. e3 O-O 7. Bd3 Re8 8.
Qc2 Nbd7 9. Nf3 c6 10. h3 Ne4 11. Bxe4 dxe4 12. Nxe4 Qa5+ 13. Kf1 Bxg5 14.
Nexg5 Nf6 15. Ne5 Be6 16. Nxe6 Rxe6 17. Kg1 Rae8 18. Kh2 Qc7 19. g3 Nd7 20. Nd3
Rh6 21. b4 Qd6 22. Qb3 Qf6 23. Rae1 Qf3 24. Qd1 Qf5 25. g4 Qd5 26. Qe2 f5 27.
Nf4 Qd6 28. gxf5 Rh4 29. Qf3 Nf6 30. Rhg1 Nh5 31. Qg2 Qc7 32. Qg5 Nxf4 33. Qxh4
Ne2+ 34. Rg3 Nxg3 35. Qxg3 Qf7 36. Rg1 Re4 37. Qg5 Kf8 38. Rg2 Qc7+ 39. Kh1 h6
40. Qg6 Rh4 41. Qh7 Rxh3+ 42. Kg1 Qf7 43. Qh8+ Qg8 44. Qxg8+ Kxg8 45. Rg6 Kf7
46. Kg2 Rh5 47. e4 Rh4 48. f3 Rh5 49. a4 Kf8 50. f6 gxf6 51. Rxf6+ Ke7 52. Rg6
Kf7 53. Rd6 Ke7 54. e5 Rg5+ 55. Kf2 Rh5 56. Kg3 Rh1 57. Kg4 Rb1 58. Rxh6 Rxb4
59. Kf5 Rxd4 60. Rh7+ Kf8 61. Rxb7 Rxa4 62. Rc7 Rh4 63. f4 Rh5+ 64. Kg6 Rh4 65.
f5 Rg4+ 66. Kf6 Ke8 67. e6 1-0

[Event "29. Erfurter Schachfestival 2019 - Meis"]
[Site "Erfurt"]
[Date "2019.12.27"]
[Round "3.27"]
[White "Ruppert, Wolfgang"]
[Black "Röhr, Oliver"]
[Result "1-0"]
[WhiteElo "2169"]
[BlackElo "2028"]
[Annotator "Ruether,Rudolf"]
[PlyCount "92"]
[EventDate "2019.12.26"]

1. d4 Nf6 2. Bf4 d5 3. e3 e6 4. Nd2 c5 5. c3 Nc6 6. Ngf3 Bd6 7. Bg3 O-O 8. Bd3
b6 9. Qe2 Qc7 10. Rd1 e5 11. dxe5 Nxe5 12. Nxe5 Bxe5 13. Nf3 Bd6 14. Bxd6 Qxd6
15. h3 Bb7 16. O-O Rad8 17. Bc2 Qe7 18. Qd3 Rfe8 19. Ba4 Rf8 20. Qf5 Qe4 21.
Bc2 Qxf5 22. Bxf5 g6 23. Bd3 d4 24. cxd4 Bxf3 25. gxf3 cxd4 26. Bc4 dxe3 27.
fxe3 Rfe8 {(=)} 28. Kf2 Rc8 29. Rd4 Rc7 30. a4 Rec8 31. b3 Nd7 32. f4 Nc5 33.
Bd5 Rd7 34. Rfd1 Rcd8 35. b4 Ne6 36. Bxe6 Rxd4 37. Rxd4 Rxd4 38. Bxf7+ Kxf7 39.
exd4 Ke6 40. b5 Kf5 41. Ke3 Kf6 42. Ke4 Ke6 43. d5+ Kf6 44. h4 h5 45. d6 Ke6
46. d7 Kxd7 1-0

[Event "29. Erfurter Schachfestival 2019 - Meis"]
[Site "Erfurt"]
[Date "2019.12.27"]
[Round "3.28"]
[White "Payyappat, Sreyas"]
[Black "Lochte, Thomas"]
[Result "0-1"]
[WhiteElo "2166"]
[BlackElo "2014"]
[PlyCount "32"]
[EventDate "2019.12.26"]

1. e4 e5 2. Nf3 Nc6 3. Bc4 Nf6 4. d3 Bc5 5. O-O O-O 6. Nbd2 d6 7. h3 Na5 8. c3
Nxc4 9. Nxc4 Be6 10. Ne3 Bb6 11. g4 d5 12. Qc2 h5 13. g5 Bxh3 14. gxf6 Qxf6 15.
Nf5 Qg6+ 16. Ng3 Qxg3+ 0-1

[Event "29. Erfurter Schachfestival 2019 - Meis"]
[Site "Erfurt"]
[Date "2019.12.27"]
[Round "3.29"]
[White "Wiley, Tom E"]
[Black "Grohmann, Alexander"]
[Result "1-0"]
[WhiteElo "2159"]
[BlackElo "1980"]
[PlyCount "53"]
[EventDate "2019.12.26"]

1. d4 d5 2. c4 e6 3. Nc3 Be7 4. Nf3 Nf6 5. Bf4 O-O 6. e3 b6 7. a3 Bb7 8. cxd5
Nxd5 9. Nxd5 Bxd5 10. Bd3 c5 11. e4 Bb7 12. dxc5 Bxc5 13. O-O Nc6 14. e5 g6 15.
Be4 a5 16. Bg5 Be7 17. Qxd8 Bxd8 18. Bh6 Be7 19. Bxf8 Kxf8 20. Rac1 Nd8 21.
Bxb7 Nxb7 22. Rc6 Bc5 23. Rc7 Nd8 24. Rd1 h6 25. Rdd7 Ke8 26. Kf1 Rc8 27. Rxf7
1-0

[Event "29. Erfurter Schachfestival 2019 - Meis"]
[Site "Erfurt"]
[Date "2019.12.27"]
[Round "3.30"]
[White "Schulte, Felix"]
[Black "Berberich, Christoph"]
[Result "1-0"]
[WhiteElo "2126"]
[BlackElo "1988"]
[PlyCount "89"]
[EventDate "2019.12.26"]

1. d4 Nf6 2. c4 c5 3. d5 b5 4. cxb5 a6 5. f3 Qa5+ 6. Bd2 Qxb5 7. Na3 Qb7 8. e4
e6 9. dxe6 dxe6 10. Bc3 Be7 11. Bc4 O-O 12. Nh3 Rd8 13. Qe2 Nc6 14. O-O Nd4 15.
Qf2 e5 16. Ng5 Rf8 17. Rae1 Rb8 18. Qg3 Qc7 19. f4 exf4 20. Qxf4 Qxf4 21. Rxf4
Ne6 22. Nxe6 Bxe6 23. Bxe6 fxe6 24. Nc4 Rbd8 25. Ref1 Nh5 26. Rxf8+ Bxf8 27.
Ne3 Rd3 28. Ng4 c4 29. Ne5 Bc5+ 30. Kh1 Re3 31. Nd7 Be7 32. e5 g6 33. Nb8 a5
34. Nc6 Bb4 35. g4 Bxc3 36. bxc3 Rxc3 37. gxh5 a4 38. hxg6 hxg6 39. Rf2 Rc1+
40. Kg2 c3 41. Nd4 Rd1 42. Nc2 Kg7 43. Kf3 Kh6 44. Ke3 Kg5 45. Nd4 1-0

[Event "29. Erfurter Schachfestival 2019 - Meis"]
[Site "Erfurt"]
[Date "2019.12.27"]
[Round "3.31"]
[White "Schenk, Stefan"]
[Black "Cordes, Klaus"]
[Result "0-1"]
[WhiteElo "2009"]
[BlackElo "2118"]
[PlyCount "102"]
[EventDate "2019.12.26"]

1. e4 c5 2. c3 Nf6 3. e5 Nd5 4. d4 cxd4 5. Nf3 Nc6 6. cxd4 d6 7. Bc4 Nb6 8. Bb3
dxe5 9. d5 Na5 10. Nc3 Nxb3 11. Qxb3 g6 12. Nxe5 Bg7 13. Qb5+ Nd7 14. Nxd7 Qxd7
15. O-O O-O 16. Bf4 Qxb5 17. Nxb5 Bf5 18. Nc3 Rfd8 19. Rfe1 Rd7 20. h3 h5 21.
Rac1 Rc8 22. Be5 Bh6 23. Rcd1 f6 24. Bg3 Rc4 25. f3 Bc2 26. Ra1 Kf7 27. Bf2 a6
28. Be3 g5 29. Rac1 Bg6 30. Rcd1 b5 31. a3 Rc8 32. g4 hxg4 33. hxg4 Bc2 34. Rd2
Bb3 35. Kf2 Kg6 36. Bb6 e5 37. d6 Rc6 38. Ba5 Rcxd6 39. Rxd6 Rxd6 40. Ke3 f5
41. Re2 Bc4 42. Rc2 Rd3+ 43. Kf2 fxg4 44. fxg4 Rd4 45. Bc7 Bg7 46. Kf3 Rf4+ 47.
Kg3 Be6 48. Ne2 Rxg4+ 49. Kf3 Rc4 50. Rxc4 Bxc4 51. Nc3 Kf5 0-1

[Event "29. Erfurter Schachfestival 2019 - Meis"]
[Site "Erfurt"]
[Date "2019.12.27"]
[Round "3.32"]
[White "Jedinger, Andreas"]
[Black "Rahimi, Rahim"]
[Result "1/2-1/2"]
[WhiteElo "2117"]
[BlackElo "1945"]
[PlyCount "81"]
[EventDate "2019.12.26"]

1. e4 d5 2. exd5 Qxd5 3. Nf3 Nf6 4. d4 c6 5. c4 Qd6 6. Nc3 Bg4 7. Be2 Nbd7 8.
O-O e6 9. Re1 Be7 10. Be3 O-O 11. Qd2 e5 12. Nxe5 Nxe5 13. dxe5 Qxe5 14. Bf4
Qc5 15. Bxg4 Nxg4 16. Bg3 Bg5 17. Qe2 Nf6 18. Qe5 Qxe5 19. Rxe5 Bd2 20. Ne4
Nxe4 21. Rxe4 Rfe8 22. Rxe8+ Rxe8 23. Kf1 f5 24. Rd1 Ba5 25. f3 Rd8 26. Rxd8+
Bxd8 27. Ke2 Kf7 28. Kd3 Ke6 29. h3 Bf6 30. b3 Be5 31. Bf2 a6 32. Be3 h6 33.
Bf2 g5 34. g4 b5 35. Bc5 fxg4 36. fxg4 Bd6 37. Bxd6 Kxd6 38. cxb5 cxb5 39. Kd4
a5 40. a3 Kc6 41. b4 1/2-1/2

[Event "29. Erfurter Schachfestival 2019 - Meis"]
[Site "Erfurt"]
[Date "2019.12.27"]
[Round "3.33"]
[White "Guenther, Thomas"]
[Black "Dehn, Marcus"]
[Result "1/2-1/2"]
[WhiteElo "1980"]
[BlackElo "2110"]
[Annotator "Ruether,Rudolf"]
[PlyCount "130"]
[EventDate "2019.12.26"]

1. Nf3 Nf6 2. e3 d6 3. d4 g6 4. Be2 Bg7 5. b3 O-O 6. Bb2 Ne4 7. Nbd2 Nxd2 8.
Qxd2 c5 9. c4 cxd4 10. Bxd4 Nc6 11. Bxg7 Kxg7 12. O-O Qb6 13. Rfd1 h6 14. Rac1
Kh7 15. h3 a5 16. Nd4 Qc5 17. Nb5 Qg5 18. Kh2 Qh4 19. Bf1 Ne5 20. Qe2 Bg4 21.
f3 Be6 {(=)} 22. Rd4 Qh5 23. Nc7 Rac8 24. Nxe6 fxe6 25. f4 Qxe2 26. Bxe2 Nc6
27. Rd2 e5 28. Bg4 Rcd8 29. g3 b6 30. Kg2 e4 31. Be6 Nb4 32. a3 Nd3 33. Rb1 Nc5
34. Bg4 h5 35. Be2 Ra8 36. b4 axb4 37. axb4 Nd7 38. Rd4 Nf6 39. Rd2 Ra3 40. Kf2
g5 41. Rdb2 h4 42. Rb3 hxg3+ 43. Kxg3 gxf4+ 44. exf4 Rg8+ 45. Kh4 Ra2 46. R1b2
Rxb2 47. Rxb2 Rg2 48. Rc2 Kh6 49. Bd1 Rg1 50. Bg4 Nh7 51. Bf5 Rf1 52. Bxh7
Rxf4+ 53. Kg3 Rf3+ 54. Kh4 Kxh7 55. Re2 Rb3 56. Rxe4 Rxb4 57. Rxe7+ Kg8 58. Kg5
Rxc4 59. Rb7 Rc6 60. h4 Rc1 61. Rxb6 Rg1+ 62. Kf6 Kh7 63. h5 Kh6 64. Rb8 Rf1+
65. Ke6 Kxh5 1/2-1/2

[Event "29. Erfurter Schachfestival 2019 - Meis"]
[Site "Erfurt"]
[Date "2019.12.27"]
[Round "3.34"]
[White "Rensch, Toralf"]
[Black "Schröter, Maik"]
[Result "1-0"]
[WhiteElo "2103"]
[BlackElo "1943"]
[PlyCount "55"]
[EventDate "2019.12.26"]

1. e4 c5 2. Nc3 Nc6 3. g3 d6 4. Bg2 Nf6 5. d3 g6 6. Nd5 Bg7 7. h4 h5 8. c3 O-O
9. Ne2 Bg4 10. Nxf6+ Bxf6 11. f3 Bd7 12. Bg5 Bg7 13. Qd2 Qb6 14. O-O e5 15. Kh2
Be6 16. c4 f6 17. Be3 Qd8 18. Nc3 Qd7 19. Rf2 Rf7 20. Raf1 Raf8 21. Nd5 f5 22.
f4 Bxd5 23. cxd5 Ne7 24. Bh3 Kh7 25. fxe5 Bxe5 26. d4 cxd4 27. Bxd4 Qa4 28.
Bxe5 1-0

[Event "29. Erfurter Schachfestival 2019 - Meis"]
[Site "Erfurt"]
[Date "2019.12.27"]
[Round "3.35"]
[White "Schmitt, Günter"]
[Black "Nicolai, Tim"]
[Result "1/2-1/2"]
[WhiteElo "2091"]
[BlackElo "1913"]
[PlyCount "34"]
[EventDate "2019.12.26"]

1. Nf3 e6 2. c4 f5 3. g3 Nf6 4. Bg2 Be7 5. O-O O-O 6. b3 Ne4 7. Bb2 Bf6 8. Qc2
Nc6 9. a3 d6 10. d3 Ng5 11. Nbd2 e5 12. e3 f4 13. exf4 Nh3+ 14. Kh1 exf4 15.
Bxf6 Qxf6 16. Ne4 Qh6 17. Rae1 Bg4 1/2-1/2

[Event "29. Erfurter Schachfestival 2019 - Meis"]
[Site "Erfurt"]
[Date "2019.12.27"]
[Round "3.36"]
[White "Hansson, Hakan"]
[Black "Böhm, Christian"]
[Result "1/2-1/2"]
[WhiteElo "1961"]
[BlackElo "2090"]
[PlyCount "40"]
[EventDate "2019.12.26"]

1. d4 d6 2. Nf3 Nf6 3. g3 g6 4. Bg2 Bg7 5. O-O O-O 6. Re1 Nbd7 7. e4 e5 8. Nc3
c6 9. dxe5 dxe5 10. h3 Qe7 11. a4 Nc5 12. Qe2 a5 13. Kh2 b6 14. Qe3 Nfd7 15. b3
Ne6 16. Ba3 Ndc5 17. Rad1 Ba6 18. Bf1 Bxf1 19. Rxf1 Rfd8 20. Ne2 Qc7 1/2-1/2

[Event "29. Erfurter Schachfestival 2019 - Meis"]
[Site "Erfurt"]
[Date "2019.12.27"]
[Round "3.37"]
[White "Reucker, Friedrich"]
[Black "Greiner, Timo"]
[Result "1/2-1/2"]
[WhiteElo "1945"]
[BlackElo "2086"]
[PlyCount "47"]
[EventDate "2019.12.26"]

1. d4 d5 2. c4 c6 3. cxd5 cxd5 4. Nc3 Nf6 5. Bf4 Nc6 6. Nf3 Bf5 7. Qb3 Na5 8.
Qa4+ Bd7 9. Qc2 e6 10. e3 Rc8 11. Bd3 Bb4 12. a3 Bxc3+ 13. bxc3 Nc4 14. O-O Bb5
15. Ne5 Qa5 16. Qb3 O-O 17. Bxc4 Bxc4 18. Nxc4 Rxc4 19. Qxb7 Ne4 20. Qe7 Nxc3
21. Bd6 Rfc8 22. Bc5 Qc7 23. Qxc7 Rxc7 24. f3 1/2-1/2

[Event "29. Erfurter Schachfestival 2019 - Meis"]
[Site "Erfurt"]
[Date "2019.12.27"]
[Round "3.38"]
[White "Sieber, Heiko"]
[Black "Scheitz, Michael"]
[Result "1/2-1/2"]
[WhiteElo "1949"]
[BlackElo "2084"]
[PlyCount "76"]
[EventDate "2019.12.26"]

1. e4 e5 2. Nf3 Nc6 3. Bb5 a6 4. Ba4 Nf6 5. O-O Be7 6. d3 b5 7. Bb3 d6 8. h3
Na5 9. Nc3 Nxb3 10. axb3 Bb7 11. b4 c6 12. Be3 O-O 13. Ne2 Qc7 14. Ng3 Rfd8 15.
Nf5 c5 16. bxc5 dxc5 17. Qe1 Bf8 18. Qc3 Nd7 19. b3 Rac8 20. Rab1 f6 21. Nd2
Bd6 22. g4 Nf8 23. f3 Ne6 24. Kh2 Bf8 25. Rf2 g6 26. Ng3 Nd4 27. Rg1 Rd7 28.
Kh1 Rf7 29. f4 exf4 30. Bxf4 Bd6 31. Bxd6 Qxd6 32. Kg2 Rcf8 33. Kf1 Bc8 34. Nf3
Ne6 35. Ne2 Bb7 36. Ke1 Rd8 37. Nd2 Nd4 38. Rgf1 Rdf8 1/2-1/2

[Event "29. Erfurter Schachfestival 2019 - Meis"]
[Site "Erfurt"]
[Date "2019.12.27"]
[Round "3.39"]
[White "Kirschbaum, Gunnar"]
[Black "Fahland, Maximilian"]
[Result "0-1"]
[WhiteElo "2083"]
[BlackElo "1929"]
[PlyCount "44"]
[EventDate "2019.12.26"]

1. d4 d5 2. c4 Nf6 3. Nc3 c6 4. Nf3 e6 5. cxd5 cxd5 6. Bg5 Be7 7. e3 O-O 8. Bd3
Nc6 9. Rc1 h6 10. Bh4 Bd7 11. Bb1 Ne8 12. Bg3 f5 13. h4 Nd6 14. h5 Rc8 15. Ne5
Nxe5 16. Bxe5 Nf7 17. f4 Nxe5 18. fxe5 Bh4+ 19. Kf1 f4 20. e4 f3 21. gxf3 Qg5
22. Rh3 Bb5+ 0-1

[Event "29. Erfurter Schachfestival 2019 - Meis"]
[Site "Erfurt"]
[Date "2019.12.27"]
[Round "3.40"]
[White "Pellicoro, Fabian"]
[Black "Köhler, Lukas"]
[Result "0-1"]
[WhiteElo "1889"]
[BlackElo "2071"]
[Annotator "Ruether,Rudolf"]
[PlyCount "92"]
[EventDate "2019.12.26"]

1. e4 d5 2. exd5 Qxd5 3. Nc3 Qd6 4. d4 Nf6 5. Nf3 c6 6. Ne5 Bf5 7. Nc4 Qd8 8.
Be2 e6 9. O-O Be7 10. Bf4 O-O 11. Bf3 Na6 12. Ne2 Rc8 13. Ng3 Bg6 14. c3 Nd5
15. Bxd5 cxd5 16. Ne5 Bd6 17. Nxg6 hxg6 18. Bxd6 Qxd6 19. Qd3 {(=)} Nb8 20.
Rfe1 Nd7 21. Nf1 Rb8 22. Nd2 b5 23. Nf3 b4 24. cxb4 Rxb4 25. b3 a5 26. Rec1 a4
27. bxa4 Rxa4 28. Qb5 Rfa8 29. Rc6 Qf4 30. Qb3 Nf6 31. Qe3 Qxe3 32. fxe3 Ne4
33. g3 Rxa2 34. Rxa2 Rxa2 35. Rc8+ Kh7 36. Ne5 Ra7 37. Rf8 f6 38. Nf7 g5 39.
Nd8 Re7 40. Nc6 Rc7 41. Nd8 {(=)} Re7 42. Nc6 Rb7 43. Re8 g4 44. Rxe6 Rb1+ 45.
Kg2 Ng5 46. Re8 Nh3 0-1

[Event "29. Erfurter Schachfestival 2019 - Meis"]
[Site "Erfurt"]
[Date "2019.12.27"]
[Round "3.41"]
[White "Heinke, Jasper"]
[Black "Franke, Luca"]
[Result "0-1"]
[WhiteElo "2066"]
[BlackElo "1880"]
[PlyCount "80"]
[EventDate "2019.12.26"]

1. d4 Nf6 2. c4 g6 3. Nc3 Bg7 4. e4 d6 5. Be2 O-O 6. Nf3 e5 7. O-O Nc6 8. d5
Ne7 9. Ne1 Nd7 10. Be3 f5 11. f3 f4 12. Bf2 g5 13. Rc1 Ng6 14. c5 Nxc5 15. b4
Na6 16. Nb5 Rf7 17. Qa4 h5 18. Nxa7 g4 19. Nxc8 Qxc8 20. Kh1 g3 21. hxg3 fxg3
22. Bxg3 h4 23. Bf2 Bh6 24. Rc2 Nf4 25. Bxa6 Rxa6 26. Qb3 Nxg2 27. Nxg2 Qh3+
28. Kg1 Rg7 29. Bxh4 Bf4 30. Rff2 Qxh4 31. b5 Ra8 32. b6 Kh8 33. bxc7 Rag8 34.
c8=Q Rxg2+ 35. Kf1 Rxf2+ 36. Rxf2 Rxc8 37. Ke2 Qe7 38. Qd1 Bh6 39. Rh2 Qg5 40.
Qd3 Qc1 0-1

[Event "29. Erfurter Schachfestival 2019 - Meis"]
[Site "Erfurt"]
[Date "2019.12.27"]
[Round "3.42"]
[White "Diener, Carolin Valeria"]
[Black "Sauer, Marko"]
[Result "0-1"]
[WhiteElo "1864"]
[BlackElo "2053"]
[Annotator "Ruether,Rudolf"]
[PlyCount "116"]
[EventDate "2019.12.26"]

1. e4 c5 2. Nc3 e6 3. f4 d6 4. Bb5+ Bd7 5. Bxd7+ Qxd7 6. Nf3 Nc6 7. a3 Be7 8.
O-O Bf6 9. Kh1 g6 10. Qe1 Nge7 11. d3 Bg7 12. Nh4 Nd4 13. Qf2 O-O 14. Nf3 b5
15. Be3 Nxf3 16. Qxf3 Rfc8 17. Rac1 Rab8 18. Qf2 b4 19. Nd1 bxa3 20. bxa3 Qc7
21. Bd2 d5 22. Ne3 f5 23. e5 c4 24. dxc4 d4 25. Nd1 Qxc4 26. Bb4 Nc6 27. Bd6
Rb6 28. c3 Bf8 29. Bxf8 Rxf8 30. Nb2 Qa2 31. Na4 Qxf2 32. Rxf2 Ra6 33. Nc5 Rxa3
34. cxd4 Nxd4 35. Rd1 Rc8 36. Nd7 Rd3 37. Nf6+ Kh8 38. Rb1 Nb3 39. h3 a5 40.
Ra2 Rc5 41. Ra3 Rb5 42. Rb2 Kg7 43. Rc2 Rb7 44. Rc6 Re7 45. Rc8 Rd1+ 46. Kh2
Nd2 47. h4 Ne4 48. Rg8+ Kf7 49. Rxa5 Nxf6 50. exf6 Kxf6 51. Rf8+ Kg7 52. Raa8
Rdd7 53. Rg8+ Kh6 54. Ra5 {(=)} Kh5 55. Kh3 Rd1 56. g3 Rc7 57. Rh8 Kh6 58. Re5
Rc2 0-1

[Event "29. Erfurter Schachfestival 2019 - Meis"]
[Site "Erfurt"]
[Date "2019.12.27"]
[Round "3.43"]
[White "Schmid, Anton"]
[Black "King, Alexander"]
[Result "0-1"]
[WhiteElo "1783"]
[BlackElo "2052"]
[PlyCount "81"]
[EventDate "2019.12.26"]

1. d4 Nf6 2. c4 g6 3. Nc3 Bg7 4. e4 d6 5. Be2 O-O 6. Bg5 c5 7. d5 h6 8. Bf4 Re8
9. Qd2 Kh7 10. f3 Qb6 11. Bd3 e6 12. Nge2 exd5 13. cxd5 Nbd7 14. Na4 Qc7 15.
Rc1 Nh5 16. Be3 Ne5 17. Ng3 Nf6 18. O-O Qe7 19. b3 Bd7 20. Bb1 b5 21. Nxc5 dxc5
22. Bxc5 Qd8 23. f4 Neg4 24. h3 Rc8 25. hxg4 Rxc5 26. Rxc5 Nxg4 27. Rf3 b4 28.
Qxb4 Bf8 29. Qd4 Qb6 30. Rc4 Qxd4+ 31. Rxd4 Bc5 32. Rfd3 Rc8 33. Ne2 Bb5 34. g3
Bxd4+ 35. Nxd4 Bxd3 36. Bxd3 Rc1+ 37. Bf1 Ne3 38. Kf2 Nxf1 39. Ne2 Rd1 40. Nc3
Rd3 41. Ne2 0-1

[Event "29. Erfurter Schachfestival 2019 - Meis"]
[Site "Erfurt"]
[Date "2019.12.27"]
[Round "3.44"]
[White "Derichs, Roger"]
[Black "Cipra, Lothar"]
[Result "1-0"]
[WhiteElo "2311"]
[BlackElo "1921"]
[PlyCount "45"]
[EventDate "2019.12.26"]

1. Nf3 d5 2. c4 e6 3. g3 Nf6 4. Bg2 Be7 5. O-O O-O 6. b3 b6 7. Bb2 Bb7 8. e3
Nbd7 9. Nc3 c6 10. d4 Rc8 11. Qe2 c5 12. Rac1 dxc4 13. bxc4 Ne4 14. Rfd1 Qc7
15. d5 exd5 16. cxd5 Ndf6 17. Nxe4 Nxe4 18. Qc2 f5 19. Ne5 Bd6 20. f4 Nf6 21.
Qxf5 Bxd5 22. Bxd5+ Nxd5 23. Qe6+ 1-0

[Event "29. Erfurter Schachfestival 2019 - Meis"]
[Site "Erfurt"]
[Date "2019.12.27"]
[Round "3.45"]
[White "Höhn, Michael"]
[Black "Hartge, Gedeon"]
[Result "0-1"]
[WhiteElo "2018"]
[BlackElo "2239"]
[PlyCount "60"]
[EventDate "2019.12.26"]

1. e4 c5 2. d4 cxd4 3. c3 g6 4. cxd4 d5 5. exd5 Nf6 6. Nc3 Nxd5 7. Qb3 Nb6 8.
Nf3 Bg7 9. Be2 O-O 10. O-O Be6 11. Qc2 Nc6 12. Be3 Rc8 13. Rfd1 Bd5 14. Rac1 e6
15. Qb1 Qe7 16. Nxd5 Nxd5 17. Bg5 Bf6 18. Bxf6 Qxf6 19. Bb5 Nce7 20. Ne5 Qg5
21. Rxc8 Rxc8 22. Bf1 Nf5 23. g3 Qf6 24. Qe4 Nd6 25. Qf3 Qxf3 26. Nxf3 Rc2 27.
Rd2 Rc1 28. Kg2 Kf8 29. Ne5 Ke7 30. f3 Ne3+ 0-1

[Event "29. Erfurter Schachfestival 2019 - Meis"]
[Site "Erfurt"]
[Date "2019.12.27"]
[Round "3.46"]
[White "Maiwald, Harald"]
[Black "Behrens, Harald"]
[Result "0-1"]
[WhiteElo "2005"]
[BlackElo "2222"]
[PlyCount "82"]
[EventDate "2019.12.26"]

1. Nf3 Nf6 2. g3 d5 3. Bg2 c6 4. O-O Bf5 5. d3 h6 6. Nbd2 e6 7. Qe1 Be7 8. e4
Bh7 9. Qe2 a5 10. a4 Na6 11. b3 Nb4 12. Ne1 dxe4 13. Nxe4 O-O 14. Bb2 Nbd5 15.
Rd1 Bg6 16. Bf3 Re8 17. Ng2 Qc7 18. c4 Nxe4 19. dxe4 Nb4 20. Nf4 Bh7 21. Nh5
Bf8 22. Bg2 e5 23. Qg4 Bg6 24. f4 Nc2 25. Bc1 Nd4 26. Nxg7 Bxg7 27. f5 h5 28.
Qg5 Qb6 29. Kh1 c5 30. fxg6 fxg6 31. Qe3 Rad8 32. Rd3 Rf8 33. Rxf8+ Rxf8 34.
Bd2 Qc7 35. Bc3 Kh7 36. Bd2 b6 37. Kg1 Qf7 38. Rc3 Qd7 39. Rd3 Qg4 40. Bc1 Qe2
41. Rc3 Qd1+ 0-1

[Event "29. Erfurter Schachfestival 2019 - Meis"]
[Site "Erfurt"]
[Date "2019.12.27"]
[Round "3.47"]
[White "Zimmermann, René"]
[Black "Bajorski, Marius"]
[Result "1-0"]
[WhiteElo "2184"]
[BlackElo "1994"]
[Annotator "Ruether,Rudolf"]
[PlyCount "80"]
[EventDate "2019.12.26"]

1. d4 e6 2. Nf3 b6 3. c3 Bb7 4. Qc2 f5 5. Bg5 Be7 6. Bxe7 Qxe7 7. Nbd2 Nf6 8.
e3 d6 9. Bd3 Nbd7 10. h3 O-O-O 11. a4 g5 12. a5 g4 13. hxg4 Nxg4 14. axb6 axb6
15. Qa4 Nb8 16. Nc4 Rdf8 17. Qc2 Nf6 18. O-O-O Rhg8 19. Rdg1 Rxg2 20. Rxg2 Bxf3
21. Rgh2 Bxh1 22. Rxh1 Rg8 23. Qa4 Qd7 24. Qd1 Nc6 25. Qf3 d5 26. Na3 Ne4 27.
Bb5 Qd6 28. Kc2 Ne7 29. Ba6+ Kb8 30. Nb5 Qd8 31. Qf4 Rg2 32. Kb1 Ng6 33. Qh6
Nxf2 34. Rf1 Qg8 35. Ka1 Ng4 36. Qh3 Rh2 37. Qg3 Qg7 38. c4 h5 39. cxd5 h4 40.
Qf3 Ne7 {Zeitüberschreitung} 1-0

[Event "29. Erfurter Schachfestival 2019 - Meis"]
[Site "Erfurt"]
[Date "2019.12.27"]
[Round "3.48"]
[White "Smit, Frans"]
[Black "Hundack, Rolf"]
[Result "0-1"]
[WhiteElo "2009"]
[BlackElo "2163"]
[PlyCount "98"]
[EventDate "2019.12.26"]

1. c4 e5 2. g3 Nc6 3. Bg2 g6 4. Nc3 Bg7 5. e4 Nge7 6. Nge2 d6 7. d3 O-O 8. O-O
Be6 9. Nd5 Qd7 10. Bh6 Nd8 11. Bxg7 Kxg7 12. d4 Nxd5 13. cxd5 Bh3 14. dxe5 Bxg2
15. Kxg2 dxe5 16. Qd3 f6 17. Rac1 Nf7 18. f4 c6 19. Rfd1 cxd5 20. exd5 Rad8 21.
b3 Rfe8 22. h3 Qd6 23. a4 Re7 24. Qc4 Red7 25. Rc3 Qb6 26. b4 Nd6 27. Qb3 a5
28. fxe5 fxe5 29. bxa5 Qxa5 30. Re3 Nf7 31. Nc3 Re8 32. Nb5 Qd8 33. Nc3 Nd6 34.
g4 Rf7 35. Ne4 Nxe4 36. Rxe4 Ref8 37. Qg3 Kg8 38. Re2 Qa5 39. Qxe5 Qxa4 40. Qd4
Qa3 41. Qd3 Qd6 42. Qg3 Rf4 43. Qe3 R4f6 44. Rdd2 b5 45. Qd3 b4 46. Re4 Qc5 47.
Rd4 Qc1 48. Qe2 b3 49. Rc4 Rf2+ 0-1

[Event "29. Erfurter Schachfestival 2019 - Meis"]
[Site "Erfurt"]
[Date "2019.12.27"]
[Round "3.49"]
[White "Schlick, Stefan"]
[Black "Hillmann, Michael"]
[Result "1/2-1/2"]
[WhiteElo "1997"]
[BlackElo "2144"]
[PlyCount "69"]
[EventDate "2019.12.26"]

1. d4 d5 2. c4 e6 3. Nc3 f5 4. Nf3 c6 5. Bf4 Nf6 6. e3 Nbd7 7. Bd3 Ne4 8. Qc2
Be7 9. h3 Ndf6 10. Ne5 Nd6 11. c5 Nf7 12. g4 g6 13. Nxf7 Kxf7 14. Be5 Rg8 15.
Bxf6 Bxf6 16. O-O-O b6 17. Na4 Rb8 18. f4 Be7 19. g5 bxc5 20. Nxc5 Qa5 21. a3
Bxc5 22. Qxc5 Qxc5+ 23. dxc5 e5 24. Kc2 Be6 25. fxe5 Bd7 26. Kc3 Ke6 27. Kd4
Rxb2 28. Rb1 Rgb8 29. Bc2 R8b5 30. Rxb2 Rxb2 31. Kc3 Rb5 32. Kd4 Rb2 33. Kc3
Rb8 34. Kd4 Rb2 35. Kc3 1/2-1/2